000
00262nam a2200097Ia 4500
001
1064216
005
20250827001711.0
008
250824s9999 xx 000 0 und d
245
0
_a
BÖYLE EYLER FİLMLERDE OLUR
_c
İSMAİL KILIÇARSLAN
260
_b
KETEBE YAYINLARI
999
_c
1064216
_d
1064216